| 000 | 00613nam a2200181 i 4500 | ||
|---|---|---|---|
| 001 | bg | ||
| 100 | 1 | _aGRUDZIŃSKI, Feliks | |
| 245 | 0 |
_aProcesy cieplne w technologii betonów / _cFeliks Grudziński. |
|
| 260 |
_aWarszawa : _bPaństw. Wydawn. Nauk., _c1976. |
||
| 300 |
_as. 175, nlb. 1 : _brys., tabl. [w tym] nlb. 2, luźn. nlb. 1. |
||
| 504 | _a[Zawiera bibliogr. s. 174]. | ||
| 040 | _cBPK | ||
| 041 | _apol | ||
| 080 | _a666.97/.98 | ||
| 942 | _cKS | ||
| 008 | s pl f |000 0 pol | ||
| 856 |
_uhttp://koha.tu.koszalin.pl/cgi-bin/koha/opac-detail.pl?biblionumber=16907 _yKatalog online BPK |
||
| 999 |
_c16907 _d16907 |
||